Statistics for Random Greek Words #1

Click here to take the quiz!

General Stats

  • This quiz has been taken 831 times
    (830 since last reset)
  • The average score is 10 of 20

Answer Stats

GreekEnglish% Correct
néosyoung
75%
ándrasman
67%
gátacat
65%
ElládaGreece
64%
agapôlove
61%
gynaíkawoman
61%
kaliméragood morning
58%
geiá souhello/hi
58%
ti káneis?how are you?
55%
thálassasea
55%
kalinýchtagood night
54%
déndrotree
44%
vivlíobook
42%
ónomaname
41%
skúlosdog
39%
kakósbad
37%
fagitófood
36%
antíobye
35%
ómorfosbeautiful
29%
ásprowhite
29%

Score Distribution

Percentile by Number Answered

Percent of People with Each Score

Your Score History

You have not taken this quiz since the last reset